| 000 | 00658nam a22002057a 4500 | ||
|---|---|---|---|
| 005 | 20250412153203.0 | ||
| 008 | 250412b |||||||| |||| 00| 0 eng d | ||
| 020 | _a2901429216431 | ||
| 020 | _a9780716777922 | ||
| 020 | _a0716777924 | ||
| 050 |
_aG128 _b.P85 PUL |
||
| 100 | _aPulsipher Lydia Mihelic | ||
| 245 |
_aWorld Regional Geography: _bGlobal Patterns, Local Lives/ _cLydia Mihelic Pulsipher & Alex Pulsipher |
||
| 250 | _a4th Ed. | ||
| 260 |
_aNew York _bW. H. Freeman and Company _c2008 |
||
| 300 |
_axxix. (various pagings). _bill. maps. (some col.) _c28 cm |
||
| 650 | _2Geography | ||
| 700 | _aPulsipher Alex | ||
| 942 |
_2lcc _cBK _e4th Ed. _n0 |
||
| 999 |
_c5443 _d5443 |
||